000 00718nam a22002057a 4500
999 _c16067
_d16067
003 AR-CdUCM
008 190502b ||||| |||| 00| 0 spa d
040 _aMUNICIPALIDAD PROVINCIAL DEL CUSCO
_cBIBLIOTECA MUNICIPAL DEL CUSCO
082 _a980 /
_bB36
100 _aBeals, Carleton
_935339
245 _aLa próxima lucha por Latinoamérica /
260 _aSantiago de Chile :
_bZig-Zag,
_c1942.
300 _a466 páginas ;
_bMapas,
_c18 cm.
505 _aContenido: EL mikado mira al sur -- La svastica sobre los Andes -- Los camisas negras avanzan...
650 _aImperialismo
_93454
650 _aLa conferencia de Lima
_935340
650 _aLucha
_929916
942 _2ddc
_cLIBROS
945 _adavv
_d02/05/2019